000 00709nam a2200241 i 4500
001 bg
100 1 _aBednarczyk, Stefan.
245 1 0 _aHydrauliczne i hydrotechniczne podstawy regulacji i rewitalizacji rzek /
_cStefan Bednarczyk, Remigiusz Duszyński.
260 _aGdańsk :
_bWydawnictwo Politechniki Gdańskiej,
_c2008.
300 _a224 s. :
_bil. ;
_c24 cm.
504 _aBibliogr. s. 218-224.
650 9 _aRzeki
_xregulacja
700 1 _aDuszyński, Remigiusz.
015 _aPB 14155/2008
020 _a9788373482128
040 _cBPK
041 _apol
044 _aPOL
080 _a627.4/.5
920 _a978-83-7348-212-8
942 _cKS
008 080527s2008 pl a |000 0 pol
999 _c55573
_d55573
856 _uhttp://koha.tu.koszalin.pl/cgi-bin/koha/opac-detail.pl?biblionumber=55573
_yKatalog online BPK